[Event "40th Olympiad Open"]
[Site "Istanbul TUR"]
[Date "2012.08.31"]
[Round "4.5"]
[White "Sargissian, Gabriel"]
[Black "Dimakiling, Oliver"]
[Result "1-0"]
[WhiteTitle "GM"]
[BlackTitle "IM"]
[WhiteElo "2693"]
[BlackElo "2428"]
[WhiteTeam "Armenia"]
[BlackTeam "Philippines"]
[WhiteFideId "13300881"]
[BlackFideId "5202248"]
[EventDate "2012.08.28"]

1. d4 Nf6 2. c4 e6 3. Nf3 c5 4. d5 d6 5. Nc3 Be7 6. e4 O-O 7. h3 b5 8. cxb5 a6
9. a4 Re8 10. dxe6 Bxe6 11. Be2 c4 12. Be3 d5 13. Nd4 Bb4 14. Nxe6 fxe6 15. exd5
axb5 16. dxe6 Qa5 17. O-O Bxc3 18. bxc3 bxa4 19. Bd4 Nc6 20. Bxf6 gxf6 21. Bf3
Qa6 22. Rxa4 Qxa4 23. Qxa4 Rxa4 24. Bxc6 Rea8 25. e7 1-0

[Event "40th Olympiad Open"]
[Site "Istanbul TUR"]
[Date "2012.08.31"]
[Round "4.7"]
[White "Berkes, Ferenc"]
[Black "Pacher, Milan"]
[Result "1-0"]
[WhiteTitle "GM"]
[BlackTitle "IM"]
[WhiteElo "2685"]
[BlackElo "2442"]
[WhiteTeam "Hungary"]
[BlackTeam "Slovakia"]
[WhiteFideId "718572"]
[BlackFideId "14907445"]
[EventDate "2012.08.28"]

1. d4 Nf6 2. c4 g6 3. g3 Bg7 4. Bg2 O-O 5. Nc3 d6 6. Nf3 Nc6 7. O-O e5 8. d5 Ne7
9. e4 Nd7 10. Kh1 h6 11. Ne1 f5 12. Nd3 Nf6 13. f4 exf4 14. Nxf4 g5 15. Ne6 Bxe6
16. dxe6 Nxe4 17. Nxe4 fxe4 18. Bxe4 c6 19. Bxg5 d5 20. Bc2 Rxf1+ 21. Qxf1 dxc4
22. Rd1 Qe8 23. Bxe7 Qxe7 24. Qf5 Qf6 25. Qh7+ Kf8 26. Kg2 Qxb2 27. Rd7 1-0

[Event "40th Olympiad Open"]
[Site "Istanbul TUR"]
[Date "2012.08.31"]
[Round "4.8"]
[White "Laznicka, Viktor"]
[Black "Elsness, Frode"]
[Result "1-0"]
[WhiteTitle "GM"]
[BlackTitle "IM"]
[WhiteElo "2683"]
[BlackElo "2498"]
[WhiteTeam "Czech Republic"]
[BlackTeam "Norway"]
[WhiteFideId "316385"]
[BlackFideId "1501100"]
[EventDate "2012.08.28"]

1. d4 Nf6 2. c4 g6 3. Nc3 d5 4. cxd5 Nxd5 5. Bd2 Bg7 6. e4 Nxc3 7. Bxc3 O-O 8.
Bc4 c5 9. d5 Bxc3+ 10. bxc3 Nd7 11. Nf3 Nb6 12. Bb3 Bg4 13. h3 Bxf3 14. Qxf3 Qd6
15. O-O c4 16. Bc2 e6 17. a4 exd5 18. Rfd1 a5 19. Rab1 Rac8 20. Qe3 Rc5 21. f4
Re8 22. e5 Qc7 23. Rd2 Rc6 24. Bd1 Re7 25. Qf2 Qd8 26. Rb5 f6 27. Bf3 Rd7 28.
Qd4 Kg7 29. Rxa5 Qe7 30. Rb2 Nc8 31. Rxd5 Rxd5 32. Bxd5 fxe5 33. fxe5 Rc7 34.
Rf2 Qg5 35. e6+ Kh6 36. Rf4 1-0

[Event "40th Olympiad Open"]
[Site "Istanbul TUR"]
[Date "2012.08.31"]
[Round "4.8"]
[White "Hansen, Torbjorn Ringdal"]
[Black "Navara, David"]
[Result "0-1"]
[WhiteTitle "IM"]
[BlackTitle "GM"]
[WhiteElo "2469"]
[BlackElo "2691"]
[WhiteTeam "Norway"]
[BlackTeam "Czech Republic"]
[WhiteFideId "1501720"]
[BlackFideId "309095"]
[EventDate "2012.08.28"]

1. c4 e5 2. Nc3 Bb4 3. Nd5 Be7 4. g3 c6 5. Nxe7 Nxe7 6. d4 e4 7. f3 exf3 8. Nxf3
d5 9. Bg2 dxc4 10. Qc2 Be6 11. O-O O-O 12. e4 f6 13. Be3 Na6 14. Nd2 b5 15. a4
Nb4 16. Qc3 a5 17. axb5 cxb5 18. d5 Bg4 19. b3 Be2 20. Rf2 Bd3 21. bxc4 bxc4 22.
Bh3 Kh8 23. Be6 Ng6 24. Bc5 Ne5 25. Bxf8 Qxf8 26. Re1 Qc5 27. g4 Nc2 28. Rc1 Nd4
29. Kg2 Ne2 30. Rxe2 Bxe2 31. Nb3 Qb4 32. Nd4 Bd3 33. Qe1 Qb2+ 0-1

[Event "40th Olympiad Open"]
[Site "Istanbul TUR"]
[Date "2012.08.31"]
[Round "4.8"]
[White "Hracek, Zbynek"]
[Black "Bae, Torstein"]
[Result "1-0"]
[WhiteTitle "GM"]
[BlackTitle "IM"]
[WhiteElo "2619"]
[BlackElo "2420"]
[WhiteTeam "Czech Republic"]
[BlackTeam "Norway"]
[WhiteFideId "300071"]
[BlackFideId "1501887"]
[EventDate "2012.08.28"]

1. d4 Nf6 2. c4 g6 3. Nc3 Bg7 4. e4 d6 5. Nf3 O-O 6. h3 e5 7. d5 a5 8. Bg5 Na6
9. Nd2 Qe8 10. g4 Nd7 11. Rg1 Kh8 12. Be2 Ndc5 13. a3 Bd7 14. Qc2 f6 15. Be3 f5
16. O-O-O f4 17. Bxc5 Nxc5 18. Nf3 a4 19. Kb1 Qe7 20. Rh1 Nb3 21. Qd3 Nc5 22.
Qc2 Nb3 23. Rdg1 Nd4 24. Qd1 c5 25. g5 b5 26. cxb5 Rfb8 27. h4 Nxb5 28. Bxb5
Bxb5 29. h5 Be8 30. hxg6 Bxg6 31. Nh4 Kg8 32. Nxg6 hxg6 33. Qg4 Rb3 34. Ka2 Rab8
35. Rb1 Kf8 36. Qe6 Qxe6 37. dxe6 Ke7 38. Rh7 Rg8 39. Rd1 Kxe6 40. Nxa4 Rb7 41.
Nc3 Rh8 42. Rxh8 Bxh8 43. Rh1 Bg7 44. Nd5 Bf8 45. b4 cxb4 46. axb4 Rg7 47. Rh8
Be7 48. Re8 Kd7 49. Rxe7+ Rxe7 50. Nxe7 Kxe7 51. Kb3 d5 52. exd5 Kd6 53. Kc4 e4
54. Kd4 e3 55. fxe3 f3 56. Kd3 Kxd5 57. e4+ Ke5 58. Ke3 f2 59. Kxf2 Kxe4 60. Kg3
Kd5 61. Kf4 1-0

[Event "40th Olympiad Open"]
[Site "Istanbul TUR"]
[Date "2012.08.31"]
[Round "4.8"]
[White "Moen, Andreas"]
[Black "Stocek, Jiri"]
[Result "0-1"]
[WhiteTitle "FM"]
[BlackTitle "GM"]
[WhiteElo "2348"]
[BlackElo "2569"]
[WhiteTeam "Norway"]
[BlackTeam "Czech Republic"]
[WhiteFideId "1501453"]
[BlackFideId "304760"]
[EventDate "2012.08.28"]

1. e4 c5 2. Nf3 Nc6 3. d4 cxd4 4. Nxd4 Nf6 5. Nc3 d6 6. Bg5 Qb6 7. Nb3 e6 8. Qd2
a6 9. O-O-O Qc7 10. Kb1 b5 11. f3 Rb8 12. h4 h5 13. Nd4 Ne5 14. f4 Neg4 15. e5
b4 16. Ncb5 axb5 17. Nxb5 Qc5 18. exd6 Rxb5 19. Bxb5+ Qxb5 20. Rhe1 Bb7 21. Qd4
Bd5 22. f5 Bxd6 23. fxe6 fxe6 24. Rxe6+ Bxe6 25. Qxd6 Kf7 0-1

[Event "40th Olympiad Open"]
[Site "Istanbul TUR"]
[Date "2012.08.31"]
[Round "4.9"]
[White "Sambuev, Bator"]
[Black "Gundavaa, Bayarsaikhan"]
[Result "0-1"]
[WhiteTitle "GM"]
[BlackTitle "IM"]
[WhiteElo "2523"]
[BlackElo "2519"]
[WhiteTeam "Canada"]
[BlackTeam "Mongolia"]
[WhiteFideId "4128290"]
[BlackFideId "4901045"]
[EventDate "2012.08.28"]

1. d4 Nf6 2. Nf3 e6 3. e3 c5 4. Bd3 Nc6 5. O-O d5 6. b3 Bd6 7. Bb2 O-O 8. a3 b6
9. Nbd2 Bb7 10. Ne5 Rc8 11. Qe2 Ne7 12. Rad1 Qc7 13. f4 Ne4 14. Bxe4 dxe4 15.
dxc5 Bxc5 16. b4 Bxe3+ 17. Qxe3 Nf5 18. Qh3 Qxc2 19. Ndc4 Rxc4 20. Rc1 Qxb2 21.
Nxc4 Qd4+ 22. Kh1 e3 23. Qg4 Bd5 24. Ne5 f6 25. Nd7 Bxg2+ 26. Qxg2 Qxd7 27. Rfd1
Qf7 28. Qe4 Re8 29. Rg1 h6 30. Rc6 Qd7 31. Rgc1 Qd5 32. Qxd5 exd5 33. Rc8 Rxc8
34. Rxc8+ Kf7 35. Kg2 d4 36. Kf3 d3 37. Rd8 d2 38. Ke2 g5 39. fxg5 hxg5 40. a4
Ke6 41. b5 Ke5 42. Re8+ Kf4 43. Rd8 g4 44. a5 bxa5 45. Kd1 Ke4 46. h3 Ke5 0-1

[Event "40th Olympiad Open"]
[Site "Istanbul TUR"]
[Date "2012.08.31"]
[Round "4.9"]
[White "Sharavdorj, Dashzegve"]
[Black "Noritsyn, Nikolay"]
[Result "0-1"]
[WhiteTitle "GM"]
[BlackTitle "IM"]
[WhiteElo "2446"]
[BlackElo "2472"]
[WhiteTeam "Mongolia"]
[BlackTeam "Canada"]
[WhiteFideId "4900340"]
[BlackFideId "2604922"]
[EventDate "2012.08.28"]

1. d4 e6 2. c4 Bb4+ 3. Nd2 d5 4. Nf3 Nf6 5. Qa4+ Nc6 6. a3 Bxd2+ 7. Bxd2 Ne4 8.
Rd1 O-O 9. e3 Ne7 10. Qc2 b6 11. Bd3 Bb7 12. Bc1 Ng6 13. O-O Qe7 14. b4 a5 15.
c5 axb4 16. axb4 bxc5 17. dxc5 f5 18. Bb2 e5 19. c6 Bc8 20. Qb3 Nf6 21. e4 fxe4
22. Bxe4 Nf4 23. Rfe1 Qe6 24. Bxh7+ Nxh7 25. Nxe5 Qf5 26. f3 Be6 27. Bd4 Rae8
28. b5 Qg5 29. Qb2 Bc8 30. Bc5 Rf6 31. Nd7 Rfe6 32. Rxe6 Rxe6 33. g4 Re2 34. Qd4
Rxh2 35. Qe5 Rg2+ 36. Kf1 Qxe5 37. Nxe5 Rb2 38. Ra1 Rxb5 39. Be3 Ne6 40. Ra8 d4
41. Rxc8+ Nhf8 42. Bxd4 Nxd4 43. Nd7 Ne6 44. Nxf8 Nxf8 45. Rxc7 Rc5 46. Ke2 Ne6
47. Rc8+ Kf7 48. Ke3 g5 49. Ke4 Kf6 50. c7 Rc4+ 51. Ke3 Ke5 52. Ra8 Rc3+ 53. Kf2
Rxc7 54. Ra4 Rc2+ 55. Ke3 Rc3+ 56. Kf2 Nd4 57. Ra8 Rxf3+ 58. Kg2 Rb3 59. Rf8 Ke4
60. Rf7 Rb2+ 61. Kh3 Ne2 62. Re7+ Kf3 63. Rxe2 Kxe2 0-1

[Event "40th Olympiad Open"]
[Site "Istanbul TUR"]
[Date "2012.08.31"]
[Round "4.10"]
[White "Gonzalez Zamora, Juan Carlos"]
[Black "Felgaer, Ruben"]
[Result "1/2-1/2"]
[WhiteTitle "GM"]
[BlackTitle "GM"]
[WhiteElo "2553"]
[BlackElo "2570"]
[WhiteTeam "Mexico"]
[BlackTeam "Argentina"]
[WhiteFideId "3507548"]
[BlackFideId "107069"]
[EventDate "2012.08.28"]

1. c4 e5 2. g3 Nf6 3. Bg2 d5 4. cxd5 Nxd5 5. Nc3 Nb6 6. d3 Nc6 7. Nf3 Be7 8. O-O
O-O 9. Be3 Be6 10. a4 a5 11. Rc1 Nd5 12. Nxd5 Bxd5 13. Nd2 Bxg2 14. Kxg2 Nd4 15.
Bxd4 exd4 16. Nf3 Re8 17. Rc4 c5 18. Qb3 b6 19. e4 dxe3 20. fxe3 Bf6 21. e4 Ra7
22. Re1 Rd7 23. e5 Rxd3 24. Rc3 Rxc3 25. bxc3 Be7 26. e6 Rf8 27. exf7+ Rxf7 28.
Ne5 Qd2+ 29. Kh3 Qh6+ 30. Kg2 Qd2+ 31. Kh3 Qh6+ 1/2-1/2

[Event "40th Olympiad Open"]
[Site "Istanbul TUR"]
[Date "2012.08.31"]
[Round "4.10"]
[White "Mareco, Sandro"]
[Black "Gonzalez Garcia, Jose"]
[Result "1/2-1/2"]
[WhiteTitle "GM"]
[BlackTitle "GM"]
[WhiteElo "2589"]
[BlackElo "2532"]
[WhiteTeam "Argentina"]
[BlackTeam "Mexico"]
[WhiteFideId "112275"]
[BlackFideId "5101174"]
[EventDate "2012.08.28"]

1. Nf3 c5 2. c4 Nc6 3. d4 cxd4 4. Nxd4 g6 5. e4 Nf6 6. Nc3 d6 7. Be2 Nxd4 8.
Qxd4 Bg7 9. Be3 O-O 10. Qd2 a5 11. Rb1 a4 12. O-O Qa5 13. Rfc1 Be6 14. Qd1 Rfc8
15. b3 axb3 16. axb3 Qb4 17. Bd2 Qc5 18. Be3 Qb4 19. h3 h5 20. Bd2 Qc5 21. Be3
Qb4 22. Bd3 Nd7 23. Nd5 Bxd5 24. exd5 Ra2 25. Rc2 Rxc2 26. Qxc2 Qc3 27. Qxc3
Bxc3 28. Rc1 Bb4 29. Ra1 Nc5 30. Be2 Rb8 1/2-1/2

[Event "40th Olympiad Open"]
[Site "Istanbul TUR"]
[Date "2012.08.31"]
[Round "4.11"]
[White "Yilmaz, Mustafa"]
[Black "Palac, Mladen"]
[Result "1/2-1/2"]
[WhiteTitle "IM"]
[BlackTitle "GM"]
[WhiteElo "2543"]
[BlackElo "2599"]
[WhiteTeam "Turkey"]
[BlackTeam "Croatia"]
[WhiteFideId "6302718"]
[BlackFideId "14500116"]
[EventDate "2012.08.28"]

1. d4 Nf6 2. c4 e6 3. Nc3 Bb4 4. Bg5 c5 5. d5 d6 6. e3 exd5 7. cxd5 Nbd7 8. Bd3
Qa5 9. Ne2 Nxd5 10. O-O Bxc3 11. bxc3 c4 12. Bc2 O-O 13. Bh4 Nxc3 14. Nxc3 Qxc3
15. Rc1 Qe5 16. Bg3 Qe6 17. Bxd6 Re8 18. e4 Ne5 19. f4 Nd3 20. Bxd3 cxd3 21.
Qxd3 Qxe4 22. Rce1 Qxe1 23. Rxe1 Rxe1+ 24. Kf2 Re8 25. f5 Rd8 26. g4 a5 27. Qa3
h5 28. h3 hxg4 29. hxg4 Ra6 30. Be5 Re8 31. Qb2 f6 32. Qb3+ Kh7 33. Qh3+ Kg8 34.
Qb3+ Kh7 35. Qh3+ Kg8 1/2-1/2

[Event "40th Olympiad Open"]
[Site "Istanbul TUR"]
[Date "2012.08.31"]
[Round "4.11"]
[White "Brkic, Ante"]
[Black "Can, Emre"]
[Result "1-0"]
[WhiteTitle "GM"]
[BlackTitle "GM"]
[WhiteElo "2587"]
[BlackElo "2435"]
[WhiteTeam "Croatia"]
[BlackTeam "Turkey"]
[WhiteFideId "14506688"]
[BlackFideId "6302181"]
[EventDate "2012.08.28"]

1. e4 c5 2. Nf3 d6 3. d4 cxd4 4. Nxd4 Nf6 5. Nc3 g6 6. Be3 Bg7 7. f3 O-O 8. Qd2
Nc6 9. g4 Be6 10. Nxe6 fxe6 11. O-O-O Rc8 12. Bc4 Qd7 13. Bb3 Na5 14. h4 Nxb3+
15. axb3 Qc6 16. h5 b5 17. Ne2 e5 18. hxg6 hxg6 19. Bh6 Rf7 20. Ng3 a5 21. Rh2
a4 22. b4 Qc4 23. Kb1 Bxh6 24. Rxh6 Rg7 25. Nf1 Rf8 26. Ne3 Qc6 27. Rdh1 Kf7 28.
g5 Nd7 29. Rh7 Rxh7 30. Rxh7+ Ke8 31. Qd5 Qxd5 32. Nxd5 Rf7 33. Nc7+ Kf8 34.
Rxf7+ Kxf7 35. Nxb5 Nf8 36. Nc7 e6 37. b5 Ke7 38. Ka2 Kd7 39. b6 Kc6 40. Ne8 Nd7
41. b7 Kxb7 42. Nxd6+ Kc6 43. Nf7 Kc5 44. Ka3 Kb5 45. c3 Kc4 46. Kxa4 Nc5+ 47.
Ka5 Kb3 48. Kb5 1-0

[Event "40th Olympiad Open"]
[Site "Istanbul TUR"]
[Date "2012.08.31"]
[Round "4.12"]
[White "Kurajica, Bojan"]
[Black "Ivanisevic, Ivan"]
[Result "1-0"]
[WhiteTitle "GM"]
[BlackTitle "GM"]
[WhiteElo "2551"]
[BlackElo "2645"]
[WhiteTeam "Bosnia & Herzegovina"]
[BlackTeam "Serbia"]
[WhiteFideId "14400057"]
[BlackFideId "912417"]
[EventDate "2012.08.28"]

1. d4 Nf6 2. Nf3 c5 3. c4 cxd4 4. Nxd4 Nc6 5. Nc3 e6 6. e3 d5 7. Be2 Bd6 8. O-O
O-O 9. b3 Re8 10. Bb2 Ne5 11. Rc1 dxc4 12. Ndb5 Bb8 13. Qxd8 Rxd8 14. Rfd1 Bd7
15. bxc4 Rc8 16. Na4 Bc6 17. Nac3 Be8 18. Nb1 Ne4 19. Nd2 Nc5 20. Nb3 Na4 21.
Ba3 a6 22. Nd6 Bxd6 23. Bxd6 Nc6 24. f4 b6 25. e4 Ra7 26. Kf2 h6 27. e5 Ne7 28.
g4 Bc6 29. Bb4 a5 30. Ba3 g5 31. f5 Be4 32. Nd4 Nc5 33. Nb5 Raa8 34. f6 Nc6 35.
Nd6 Bg6 36. Bxc5 bxc5 37. Nxc8 Rxc8 38. Rd6 Nxe5 39. Rcd1 Nc6 40. R1d2 Kh7 41.
Rb2 Rc7 42. Ke3 Nd4 43. Bd1 a4 44. Rd8 Nc6 45. Ra8 Rd7 46. Rd2 Rd4 47. Rxd4
cxd4+ 48. Kd2 e5 49. Bxa4 Nb4 50. a3 Na2 51. Bd7 Nc3 52. Bf5 h5 53. Bxg6+ Kxg6
54. Rg8+ Kh6 55. Kd3 Na4 56. Ke4 hxg4 57. Kf5 Kh7 58. Rg7+ Kh6 59. Rxf7 d3 60.
Rd7 1-0

[Event "40th Olympiad Open"]
[Site "Istanbul TUR"]
[Date "2012.08.31"]
[Round "4.13"]
[White "Mastrovasilis, Dimitrios"]
[Black "Blagojevic, Dragisa"]
[Result "1/2-1/2"]
[WhiteTitle "GM"]
[BlackTitle "GM"]
[WhiteElo "2618"]
[BlackElo "2514"]
[WhiteTeam "Greece"]
[BlackTeam "Montenegro"]
[WhiteFideId "4202694"]
[BlackFideId "900885"]
[EventDate "2012.08.28"]

1. e4 e5 2. Nf3 Nc6 3. Bb5 Nge7 4. O-O g6 5. c3 a6 6. Ba4 Bg7 7. d4 exd4 8. cxd4
b5 9. Bc2 d5 10. exd5 Nb4 11. Bg5 Nbxd5 12. Nc3 Qd6 13. a4 Nxc3 14. bxc3 Rb8 15.
axb5 axb5 16. Bxe7 Kxe7 17. Re1+ Kf8 18. Ng5 Bf6 19. Ne4 Qb6 20. Nxf6 Qxf6 21.
Ra7 Bb7 22. Be4 Bxe4 23. Rxe4 Qb6 24. Ra1 Kg7 25. Qe2 Qd6 26. h4 h5 27. Re7 b4
28. Re1 bxc3 29. Qc4 Qf6 30. Qxc3 c6 31. g3 Rhd8 32. R1e4 Rd6 33. Rc7 Kg8 34.
Rf4 Qg7 35. Rxc6 Rxc6 36. Qxc6 Rd8 37. Qc4 Qf8 38. Qc5 Qxc5 39. dxc5 Rd1+ 40.
Kg2 Rc1 1/2-1/2

[Event "40th Olympiad Open"]
[Site "Istanbul TUR"]
[Date "2012.08.31"]
[Round "4.13"]
[White "Drasko, Milan"]
[Black "Banikas, Hristos"]
[Result "1-0"]
[WhiteTitle "GM"]
[BlackTitle "GM"]
[WhiteElo "2479"]
[BlackElo "2623"]
[WhiteTeam "Montenegro"]
[BlackTeam "Greece"]
[WhiteFideId "900397"]
[BlackFideId "4202031"]
[EventDate "2012.08.28"]

1. Nf3 c5 2. g3 Nc6 3. c4 Nf6 4. Bg2 d5 5. O-O e5 6. Qa4 Bd6 7. Ng5 Bd7 8. cxd5
Nd4 9. Qd1 h6 10. Nf3 O-O 11. Nc3 Bg4 12. e3 e4 13. Nxe4 Nxe4 14. exd4 Ng5 15.
h4 Nxf3+ 16. Bxf3 Bxf3 17. Qxf3 cxd4 18. d3 Qd7 19. Bd2 Rfd8 20. Rac1 Be5 21.
Rc4 Qxd5 22. Qxd5 Rxd5 23. Rfc1 Rad8 24. Kg2 Kh7 25. Rc5 b6 26. Rxd5 Rxd5 27.
Rc8 f5 28. h5 g5 29. hxg6+ Kxg6 30. b4 h5 31. a4 Rd7 32. Rc6+ Rd6 33. Rc7 a6 34.
Kf3 Re6 35. Ra7 b5 36. axb5 axb5 37. Rb7 Bf6 38. Rxb5 h4 39. gxh4 Bxh4 40. Rd5
Bf6 41. b5 Rb6 42. Ba5 Rb7 43. b6 Kf7 44. Rc5 Ke6 45. Rc6+ Ke5 46. Bd2 Bh4 47.
Rh6 Be7 48. Rh7 Kf6 49. Bb4 1-0

[Event "40th Olympiad Open"]
[Site "Istanbul TUR"]
[Date "2012.08.31"]
[Round "4.14"]
[White "Ziska, Helgi Dam"]
[Black "Mchedlishvili, Mikheil"]
[Result "1/2-1/2"]
[WhiteTitle "IM"]
[BlackTitle "GM"]
[WhiteElo "2469"]
[BlackElo "2659"]
[WhiteTeam "Faroe Islands"]
[BlackTeam "Georgia"]
[WhiteFideId "7200595"]
[BlackFideId "13600966"]
[EventDate "2012.08.28"]

1. e4 e6 2. d3 c5 3. Nf3 Nc6 4. g3 Nf6 5. Bg2 d6 6. O-O Be7 7. c3 O-O 8. Re1 Bd7
9. d4 cxd4 10. cxd4 d5 11. e5 Ne4 12. Nc3 Nxc3 13. bxc3 Rc8 14. h4 b5 15. Bf1 b4
16. Bd3 bxc3 17. a3 f5 18. exf6 Bxf6 19. Ng5 h6 20. Bh7+ Kh8 21. Bc2 e5 22. dxe5
Bxe5 23. Nh7 Rf5 24. Qxd5 Rh5 25. Nf8 Qxf8 26. Qxd7 Nd4 27. Be4 Bf6 28. Be3 Rd8
29. Qg4 Re5 30. Bxd4 Rxd4 31. Qg6 Qg8 32. Bc2 Rd6 33. Rxe5 Bxe5 34. Qh5 Bd4 35.
Re1 Rf6 36. Re2 Bb6 37. Kg2 Rf8 38. Qg6 Rf6 39. Qd3 Rf8 40. f4 Rd8 41. Qxc3 Qd5+
42. Kh2 Qd4 43. Qf3 Kg8 44. Bg6 Kh8 45. Kh3 Qd7+ 46. f5 Bc5 47. Re6 Bf8 48. Qe3
Qd1 49. Re8 Qh1+ 50. Kg4 Qd1+ 51. Kh3 Qh1+ 52. Kg4 Qd1+ 53. Kh3 1/2-1/2

[Event "40th Olympiad Open"]
[Site "Istanbul TUR"]
[Date "2012.08.31"]
[Round "4.14"]
[White "Gagunashvili, Merab"]
[Black "Nilssen, John Arni"]
[Result "1-0"]
[WhiteTitle "GM"]
[BlackTitle "IM"]
[WhiteElo "2578"]
[BlackElo "2372"]
[WhiteTeam "Georgia"]
[BlackTeam "Faroe Islands"]
[WhiteFideId "13601652"]
[BlackFideId "7200137"]
[EventDate "2012.08.28"]

1. Nf3 Nf6 2. c4 c5 3. g3 b6 4. Bg2 Bb7 5. O-O e6 6. Nc3 a6 7. Re1 d6 8. e4 Nbd7
9. d4 cxd4 10. Nxd4 Rc8 11. e5 Bxg2 12. exf6 Bh3 13. Qh5 Qxf6 14. Be3 Bf5 15.
Nxf5 g6 16. Nxd6+ Bxd6 17. Qd1 Be5 18. Qa4 Bxc3 19. bxc3 Qf3 20. Bd4 Rg8 21.
Qxa6 Qc6 22. Qb5 h6 23. a4 Qxc4 24. Qb2 Ra8 25. Bxb6 Rxa4 26. Be3 Ke7 27. Rad1
Qc6 28. Bf4 Rxf4 29. gxf4 Rc8 30. Qb4+ Qc5 31. Re3 Nf6 32. Re5 Qxb4 33. cxb4 Rb8
34. Rd4 Kf8 35. Re2 Nd5 36. Rb2 Ke7 37. Kf1 Kf6 1-0

[Event "40th Olympiad Open"]
[Site "Istanbul TUR"]
[Date "2012.08.31"]
[Round "4.14"]
[White "Rodgaard, John"]
[Black "Sanikidze, Tornike"]
[Result "1/2-1/2"]
[WhiteTitle "IM"]
[BlackTitle "GM"]
[WhiteElo "2354"]
[BlackElo "2585"]
[WhiteTeam "Faroe Islands"]
[BlackTeam "Georgia"]
[WhiteFideId "7200013"]
[BlackFideId "13602608"]
[EventDate "2012.08.28"]

1. c4 e5 2. Nc3 Nc6 3. Nf3 Nf6 4. e3 Bb4 5. Qc2 Bxc3 6. Qxc3 Qe7 7. a3 a5 8. b4
d5 9. b5 d4 10. Qc2 Nd8 11. exd4 exd4+ 12. Be2 Ne6 13. d3 O-O 14. O-O Nd7 15.
Re1 Qf6 16. Bf1 b6 17. Nd2 Ndc5 18. Ne4 Nxe4 19. Rxe4 Nc5 20. Re1 Bb7 21. Bd2
Rad8 22. Re2 Qf5 23. Rd1 Rd6 24. f4 Rg6 25. Re5 Qg4 26. Bc1 h6 27. f5 Rd6 28.
Rde1 Nd7 29. h3 Qh5 30. Re7 Qxf5 31. Qf2 Qxf2+ 32. Kxf2 g5 33. h4 f6 34. Kg3 Rf7
35. Re8+ Rf8 36. R8e7 Rf7 37. Re8+ Rf8 1/2-1/2

[Event "40th Olympiad Open"]
[Site "Istanbul TUR"]
[Date "2012.08.31"]
[Round "4.14"]
[White "Shanava, Konstantine"]
[Black "Nielsen, Rogvi Egilstoft"]
[Result "1-0"]
[WhiteTitle "GM"]
[WhiteElo "2569"]
[BlackElo "2203"]
[WhiteTeam "Georgia"]
[BlackTeam "Faroe Islands"]
[WhiteFideId "13601784"]
[BlackFideId "7200447"]
[EventDate "2012.08.28"]

1. e4 e5 2. Bc4 Nf6 3. Nc3 Nc6 4. d3 Na5 5. Nge2 Nxc4 6. dxc4 d6 7. O-O Be6 8.
b3 Be7 9. h3 O-O 10. f4 exf4 11. Nxf4 Nd7 12. Bd2 Bf6 13. Kh1 Be5 14. Qf3 Nc5
15. Rae1 Bd7 16. Ncd5 f5 17. exf5 Bxf5 18. b4 Ne6 19. Bc3 Ng5 20. Qe3 Ne4 21.
Bxe5 dxe5 22. Nd3 Qh4 23. Kh2 c6 24. Nc7 Rac8 25. Ne6 Nf6 26. Qg5 Qxg5 27. Nxg5
Bxd3 28. cxd3 Rfe8 29. Re3 Re7 30. Rfe1 Rce8 31. Nf3 Nd7 32. Re4 Kf8 33. g4 h6
34. Kg3 Kf7 35. h4 Rd8 36. d4 Rde8 37. Nxe5+ Nxe5 38. Rxe5 Rxe5 39. Rxe5 Rd8 40.
Re4 g5 41. h5 a5 42. bxa5 Ra8 43. Re5 Rd8 44. d5 cxd5 45. cxd5 Rd6 46. Kf3 Ra6
47. Re6 Rxa5 48. Rxh6 Rxd5 49. Rh7+ Ke6 50. Rxb7 Ra5 51. Rb6+ Kf7 52. a4 Rxa4
53. Rb5 Rf4+ 54. Kg3 Kf6 55. Rb6+ Ke5 56. Rg6 Ke4 57. Rxg5 Rf3+ 58. Kh4 1-0

[Event "40th Olympiad Open"]
[Site "Istanbul TUR"]
[Date "2012.08.31"]
[Round "4.15"]
[White "Georgiev, Kiril"]
[Black "Khairallah, Faisal"]
[Result "1-0"]
[WhiteTitle "GM"]
[BlackTitle "FM"]
[WhiteElo "2682"]
[BlackElo "2308"]
[WhiteTeam "Bulgaria"]
[BlackTeam "Lebanon"]
[WhiteFideId "2900017"]
[BlackFideId "4628250"]
[EventDate "2012.08.28"]

1. d4 e6 2. c4 b6 3. a3 Bb7 4. Nc3 f5 5. d5 Nf6 6. g3 Na6 7. Bg2 Nc5 8. Nh3 Bd6
9. O-O O-O 10. Qc2 Be5 11. Rd1 Qe7 12. Be3 Rab8 13. Bd4 Bxd4 14. Rxd4 a5 15. b4
Na6 16. bxa5 bxa5 17. Rdd1 Nc5 18. Nf4 Ba6 19. Nb5 Bxb5 20. cxb5 Rxb5 21. Qc4
Rfb8 22. dxe6 Nxe6 23. Nxe6 Qxe6 24. Qxc7 d5 25. Rac1 h6 26. Bf3 Ne4 27. Kg2
R5b6 28. Rc5 Kh7 29. Rcxd5 Ng5 30. Rd7 Qg8 31. Qe5 Qf8 32. R1d5 Nxf3 33. exf3 a4
34. Rc7 Re8 35. Rxg7+ 1-0

[Event "40th Olympiad Open"]
[Site "Istanbul TUR"]
[Date "2012.08.31"]
[Round "4.15"]
[White "El Jawich, Amro"]
[Black "Delchev, Aleksander"]
[Result "0-1"]
[WhiteTitle "FM"]
[BlackTitle "GM"]
[WhiteElo "2166"]
[BlackElo "2596"]
[WhiteTeam "Lebanon"]
[BlackTeam "Bulgaria"]
[WhiteFideId "5300380"]
[BlackFideId "2900394"]
[EventDate "2012.08.28"]

1. e4 c5 2. Nf3 e6 3. d4 cxd4 4. Nxd4 a6 5. Bd3 Nf6 6. O-O Qc7 7. Kh1 Bc5 8. Nb3
Be7 9. Nc3 b5 10. Qe2 d6 11. Bd2 Nc6 12. f4 Bb7 13. Rae1 b4 14. Na4 O-O 15. Rf3
g6 16. Rh3 Rfe8 17. Be3 e5 18. f5 gxf5 19. Bg5 f4 20. Bxf6 Bxf6 21. Qh5 Kf8 22.
Qf5 Bg7 23. Rxh7 Ne7 24. Qg4 Ng6 25. Nd2 Kg8 26. Rh5 Bc8 27. Qe2 Be6 28. Nc4 f3
29. Qxf3 Bxc4 30. Bxc4 Qxc4 31. Nb6 Qxc2 32. Nxa8 Rxa8 33. Rf5 0-1

[Event "40th Olympiad Open"]
[Site "Istanbul TUR"]
[Date "2012.08.31"]
[Round "4.15"]
[White "Nikolov, Momchil"]
[Black "Kassis, Antoine LIB"]
[Result "1/2-1/2"]
[WhiteTitle "GM"]
[BlackTitle "CM"]
[WhiteElo "2563"]
[BlackElo "2209"]
[WhiteTeam "Bulgaria"]
[BlackTeam "Lebanon"]
[WhiteFideId "2905710"]
[BlackFideId "5300150"]
[EventDate "2012.08.28"]

1. d4 Nf6 2. c4 c5 3. d5 e6 4. Nc3 exd5 5. cxd5 d6 6. Nf3 g6 7. Nd2 Bg7 8. e4
O-O 9. Be2 a6 10. a4 Nbd7 11. O-O Re8 12. Qc2 Ne5 13. a5 Nh5 14. Bxh5 gxh5 15.
Nd1 Bd7 16. f4 Ng4 17. Nf3 f5 18. e5 dxe5 19. fxe5 Nxe5 20. Nxe5 Bxe5 21. Nc3
Qh4 22. g3 Qg4 23. Bf4 Bd4+ 24. Kg2 Re7 25. h3 Qg6 26. Rae1 Rae8 27. Qd2 h4 28.
Rxe7 Rxe7 29. Re1 Rxe1 30. Qxe1 hxg3 1/2-1/2